00994nac a22002891u 4500010001700000020001500017020001800032035002300050035002000073082001700093090001500110100003400125245007400159250001200233260004600245300003400291500002000325500002700345511002800372650003400400650001700434700001900451856008300470942001900553999001500572952011700587 a 2007009578 a0672329476 a9780672329470 a(OCoLC)ocm85830781 a(OCoLC)8583078100a004.682bNOE c8215d8215 aNoel, Michael. 10aMicrosoft SharePoint 2007 unleashed /cMichael Noel and Colin Spence. aNew ed. aIndianapolis, Ind. :bSams,c2007.cc2007. axxi, 812 p. :bill. ;c23 cm. aIncludes index. aDistributer: Al-Ahram. aCatalogued By: Mahitab. 0aIntranets (Computer networks) 0aWeb servers.1 aSpence, Colin.413Table of contents onlyuhttp://www.loc.gov/catdir/toc/ecip0712/2007009578.html cBBk004.682NOE c8215d8215 00104070aMAINbMAINcLOWd2008-02-28ePurchasel3o004.682NOEp000009961r2025-07-15 00:00:00s2009-09-24yBB